000 00811nab a2200265 4500
003 BR-BrBNA
005 20250711230821.0
008 250711b bl.||||| |||| 00| 0 por d
040 _aBR-BrBNA
_bpor
072 _aL02 ; Q55 ; T01
_b5212
100 _aRibeiro, Juliana
245 _aO luftal do boi
_bAgrotecnologia
500 _a1 illus.
650 _aBOVINO
650 _aMETANO
650 _aGASES EFEITO ESTUFA
650 _aPOLUIÇÃO
650 _aAQUECIMENTO GLOBAL
650 _aALHO
650 _aRAÇÃO
650 _aSEQUESTRO DE CARBONO
773 0 _01706
_9347918
_dSão Paulo-SP Editora Três Ltda - E-mail: luizfsa@revistadinheiro.com.br 2004
_o2025-0417
_tDinheiro Rural (Brazil)
_x1807-3700
_gv. 6(70) p. 48; (Aug 2010)
_wBR2025003777
942 _cANA
999 _c332792
_d332792